书目信息 |
| 题名: |
计算机公共基础与MS Office 2016高级应用
|
|
| 作者: | 孙明玉 主编 | |
| 分册: | ||
| 出版信息: | 北京 科学出版社 2021 |
|
| 页数: | 212页 | |
| 开本: | 26cm | |
| 丛书名: | ||
| 单 册: | ||
| 中图分类: | TP3 , TP317.1 | |
| 科图分类: | ||
| 主题词: | 电子计算机--高等教育--教材 , 办公自动化--应用软件--高等教育--教材 | |
| 电子资源: | ||
| ISBN: | 978-7-03-067561-3 | |
| 000 | 01054nam0 2200265 450 | |
| 001 | 2359740764 | |
| 005 | 20231219163606.85 | |
| 010 | @a978-7-03-067561-3@d40.00CNY | |
| 100 | @a20210311d2021 em y0chiy0120 ea | |
| 101 | 0 | @achi |
| 102 | @aCN@b110000 | |
| 105 | @ay z 000yy | |
| 200 | 1 | @a计算机公共基础与MS Office 2016高级应用@Aji suan ji gong gong ji chu yu MS Office 2016 gao ji ying yong@b专著@f孙明玉[等]主编 |
| 210 | @a北京@c科学出版社@d2021 | |
| 215 | @a212页@d26cm | |
| 300 | @a普通高等教育公共基础课系列教材·计算机类 | |
| 304 | @a主编还有:何鹍、吴登峰、陈然 | |
| 330 | @a本书分为两个部分,共14章,第1部分为计算机公共基础知识,包括算法与数据结构、程序设计基础、软件工程基础、数据库设计基础;第2部分为MS Office2016高级应用,包括Word2016高级应用、Excel2016高级应用、PowerPoint 2016高级应用。 | |
| 606 | 0 | @a电子计算机@x高等教育@j教材 |
| 606 | 0 | @a办公自动化@x应用软件@x高等教育@j教材 |
| 690 | @aTP3@v5 | |
| 690 | @aTP317.1@v5 | |
| 701 | 0 | @a孙明玉@Asun ming yu@4主编 |
| 801 | 2 | @aCN@b辽宁北配@c20231205 |
| 905 | @aBZT@dTP3@e181 | |
| 计算机公共基础与MS Office 2016高级应用/孙明玉[等]主编.-北京:科学出版社,2021 |
| 212页;26cm |
| 普通高等教育公共基础课系列教材·计算机类 |
| ISBN 978-7-03-067561-3:40.00CNY |
| 本书分为两个部分,共14章,第1部分为计算机公共基础知识,包括算法与数据结构、程序设计基础、软件工程基础、数据库设计基础;第2部分为MS Office2016高级应用,包括Word2016高级应用、Excel2016高级应用、PowerPoint 2016高级应用。 |
| ● |
| 相关链接 |
|
|
|
正题名:计算机公共基础与MS Office 2016高级应用
索取号:TP3/181
 
预约/预借
| 序号 | 登录号 | 条形码 | 馆藏地/架位号 | 状态 | 备注 |
| 1 | 2001602332 | 2001602332 | 辽三/辽宁北配(第三批)/2221/ [索取号:TP3/181] | 在馆 | |
| 2 | 2001602333 | 2001602333 | 辽三/辽宁北配(第三批)/2221/ [索取号:TP3/181] | 在馆 | |
| 3 | 2001602334 | 2001602334 | 辽三/辽宁北配(第三批)/2221/ [索取号:TP3/181] | 在馆 | |
| 4 | 2001602335 | 2001602335 | 辽三/辽宁北配(第三批)/2221/ [索取号:TP3/181] | 在馆 | |
| 5 | 2001602336 | 2001602336 | 辽三/辽宁北配(第三批)/2221/ [索取号:TP3/181] | 在馆 | |
| 6 | 2001602337 | 2001602337 | 辽三/辽宁北配(第三批)/2221/ [索取号:TP3/181] | 在馆 | |
| 7 | 2001602338 | 2001602338 | 辽三/辽宁北配(第三批)/2221/ [索取号:TP3/181] | 在馆 | |
| 8 | 2001602339 | 2001602339 | 辽三/辽宁北配(第三批)/2221/ [索取号:TP3/181] | 在馆 | |
| 9 | 2001602340 | 2001602340 | 辽三/辽宁北配(第三批)/2221/ [索取号:TP3/181] | 在馆 | |
| 10 | 2001602341 | 2001602341 | 辽三/辽宁北配(第三批)/2221/ [索取号:TP3/181] | 在馆 | |
| 11 | 2001602342 | 2001602342 | 辽三/辽宁北配(第三批)/2221/ [索取号:TP3/181] | 在馆 | |
| 12 | 2001602343 | 2001602343 | 辽三/辽宁北配(第三批)/2221/ [索取号:TP3/181] | 在馆 | |
| 13 | 2001602344 | 2001602344 | 辽三/辽宁北配(第三批)/2221/ [索取号:TP3/181] | 在馆 | |
| 14 | 2001602345 | 2001602345 | 辽三/辽宁北配(第三批)/2221/ [索取号:TP3/181] | 在馆 | |
| 15 | 2001602346 | 2001602346 | 辽三/辽宁北配(第三批)/2221/ [索取号:TP3/181] | 在馆 | |
| 16 | 2001602347 | 2001602347 | 辽三/辽宁北配(第三批)/2221/ [索取号:TP3/181] | 在馆 | |
| 17 | 2001602348 | 2001602348 | 辽三/辽宁北配(第三批)/2221/ [索取号:TP3/181] | 在馆 | |
| 18 | 2001602349 | 2001602349 | 辽三/辽宁北配(第三批)/2221/ [索取号:TP3/181] | 在馆 | |
| 19 | 2001602350 | 2001602350 | 辽三/辽宁北配(第三批)/2221/ [索取号:TP3/181] | 在馆 | |
| 20 | 2001602351 | 2001602351 | 辽三/辽宁北配(第三批)/2222/ [索取号:TP3/181] | 在馆 |